| Tag |
First Indicator |
Second Indicator |
Subfields |
| LEADER |
00000cam a2200000 4500 |
| 001 |
in00001940468 |
| 006 |
m | d | |
| 007 |
cr |n||||||||n |
| 008 |
791208s1733 stk|||| s 00||||eng d |
| 005 |
20260407192219.1 |
| 035 |
|
|
|a (CStRLIN)ESTCT79391
|
| 040 |
|
|
|a Uk-ES
|c Uk-ES
|d Cu-RivES
|d CStRLIN
|d Thomson Gale
|d UtOrBLW
|
| 100 |
1 |
|
|a Lyttelton, George Lyttelton,
|c Baron,
|d 1709-1773.
|
| 245 |
1 |
0 |
|a Advice to a lady.
|
| 264 |
|
3 |
|a London [Edinburgh?] :
|b printed for Lawton Gilliver,
|c 1733.
|
| 300 |
|
|
|a 8p. ;
|c 8⁰.
|
| 336 |
|
|
|a text
|b txt
|2 rdacontent
|
| 337 |
|
|
|a computer
|b c
|2 rdamedia
|
| 338 |
|
|
|a online resource
|b cr
|2 rdacarrier
|
| 500 |
|
|
|a Anonymous. By George Lord Lyttelton.
|
| 500 |
|
|
|a The ornaments are those used by Ruddiman (Foxon).
|
| 500 |
|
|
|a Also issued as part of: 'Poems, a chosen collection', [Edinburgh, 1735].
|
| 500 |
|
|
|a Reproduction of original from the Harvard University Houghton Library.
|
| 510 |
4 |
|
|a Foxon,
|c L329
|
| 510 |
4 |
|
|a English Short Title Catalog,
|c ESTCT79391.
|
| 533 |
|
|
|a Electronic reproduction.
|b Farmington Hills, Mich. :
|c Thomson Gale,
|d 2003.
|n Available via the World Wide Web.
|n Access limited by licensing agreements
|7 s2003 miunns
|
| 500 |
|
|
|a Electronic resource.
|
| 830 |
|
0 |
|a Eighteenth century collections online.
|
| 856 |
4 |
0 |
|u http://proxy.library.tamu.edu/login?url=https://galenet.galegroup.com/servlet/ECCO?c=1&stp=Author&ste=11&af=BN&ae=T079391&tiPG=1&dd=0&dc=flc&docNum=CW117130137&vrsn=1.0&srchtp=a&d4=0.33&n=10&SU=0LRK&locID=txshracd2898
|z Full text online
|t 0
|
| 999 |
|
|
|a MARS
|
| 999 |
f |
f |
|s 4fe7c4ff-7d19-3575-9fdb-cbc51183bbe1
|i 40e14f6b-0dee-3f39-a013-5e9240f1a7fd
|t 0
|
| 952 |
f |
f |
|a Texas A&M University
|b College Station
|c Electronic Resources
|s www_evans
|d Available Online
|t 0
|h No information provided
|
| 998 |
f |
f |
|t 0
|l Available Online
|